Catálogo

Auditoria Montgomery / (Registro nro. 3521)

Detalles MARC
000 -LEADER
fixed length control field 01211cam a2200325 i 4500
001 - CONTROL NUMBER
control field 3521
003 - CONTROL NUMBER IDENTIFIER
control field Mx-PuUPA
005 - DATE AND TIME OF LATEST TRANSACTION
control field 20240410103435.0
008 - FIXED-LENGTH DATA ELEMENTS--GENERAL INFORMATION
fixed length control field 140415s1987 mx r 000 0 spa d
020 ## - INTERNATIONAL STANDARD BOOK NUMBER
International Standard Book Number 9681822439 (Edición completa)
040 ## - CATALOGING SOURCE
Original cataloging agency MX-PuUPA
Language of cataloging spa
Description conventions rda
Transcribing agency Mx-PuUPA
Modifying agency Mx-PuUPA
041 1# - LANGUAGE CODE
Language code of text/sound track or separate title spa
Language code of original eng
100 1# - MAIN ENTRY--PERSONAL NAME
Personal name Defliese, Philip L.,
Relator term autor
9 (RLIN) 5422
240 10 - UNIFORM TITLE
Uniform title Montgonerys auditing.
Language of a work Español
245 10 - TITLE STATEMENT
Title Auditoria Montgomery /
Statement of responsibility, etc. Philip L. Defliese, Kenneth P. Johnson, Roderick K. Macleod ; versión española Rogelio Casas Alatriste H.
250 ## - EDITION STATEMENT
Edition statement Primera edición
264 #1 - PRODUCTION, PUBLICATION, DISTRIBUTION, MANUFACTURE, AND COPYRIGHT NOTICE
Place of production, publication, distribution, manufacture México, D.F. :
Name of producer, publisher, distributor, manufacturer Editorial Limusa,
Date of production, publication, distribution, manufacture, or copyright notice 1987
300 ## - PHYSICAL DESCRIPTION
Extent 4 volúmenes (paginación varía) ;
Dimensions 26 cm.
336 ## - CONTENT TYPE
Content type term texto
Fuente rdacontent
Content type code txt
337 ## - MEDIA TYPE
Media type term sin medio
Source rdamedia
Media type code n
338 ## - CARRIER TYPE
Carrier type term volumen
Source rdacarrier
Carrier type code nc
500 ## - GENERAL NOTE
General note "Instituto Americano de Contadores Públicos." -- Portada
650 #4 - SUBJECT ADDED ENTRY--TOPICAL TERM
Topical term or geographic name entry element Auditoria
700 1# - ADDED ENTRY--PERSONAL NAME
Personal name Johnson, Kenneth P.
Relator term autor
700 1# - ADDED ENTRY--PERSONAL NAME
Personal name Macleod, Roderick K.,
Relator term autor
700 1# - ADDED ENTRY--PERSONAL NAME
Personal name Casas Alatriste H., Rogelio,
Relator term traductor
765 08 - ORIGINAL LANGUAGE ENTRY
Main entry heading Defliese, Philip L.,
Title Montgonerys auditing.
942 ## - ADDED ENTRY ELEMENTS (KOHA)
Source of classification or shelving scheme Dewey Decimal Classification
Koha item type Libro
Classification part 657.45
Item part D313
Existencias
Withdrawn status Lost status Source of classification or shelving scheme Damaged status Not for loan Collection code Home library Current library Shelving location Date acquired Source of acquisition Total Checkouts Full call number Barcode Date last seen Price effective from Koha item type
    Dewey Decimal Classification     Referencia Biblioteca Karol Wojtyla Biblioteca Karol Wojtyla Área de silencio 03/12/2013 Compra   657.45 DEF 1987 14694 05/01/2026 30/08/2017 Libro R
    Dewey Decimal Classification     Referencia Biblioteca Karol Wojtyla Biblioteca Karol Wojtyla Área de silencio 03/12/2013 Compra   657.45 DEF 1987 24506 05/01/2026 30/08/2017 Libro R
    Dewey Decimal Classification     Referencia Biblioteca Karol Wojtyla Biblioteca Karol Wojtyla Área de silencio 03/12/2013 Compra   657.45 DEF 1987 14693 05/01/2026 30/08/2017 Libro R
    Dewey Decimal Classification     Referencia Biblioteca Karol Wojtyla Biblioteca Karol Wojtyla Área de silencio 03/12/2013 Compra   657.45 DEF 1987 14695 05/01/2026 30/08/2017 Libro R
    Dewey Decimal Classification     Referencia Biblioteca Karol Wojtyla Biblioteca Karol Wojtyla Área de silencio 03/12/2013 Compra   657.45 DEF 1987 24508 05/01/2026 30/08/2017 Libro R
    Dewey Decimal Classification     Referencia Biblioteca Karol Wojtyla Biblioteca Karol Wojtyla Área de silencio 30/08/2017 Compra   657.45 DEF 1987 24507 05/01/2026 30/08/2017 Libro R
    Dewey Decimal Classification     Referencia Biblioteca Karol Wojtyla Biblioteca Karol Wojtyla Área de silencio 03/12/2013 Compra   657.45 DEF 1987 24509 05/01/2026 30/08/2017 Libro R
    Dewey Decimal Classification     Referencia Biblioteca Karol Wojtyla Biblioteca Karol Wojtyla Área de silencio 03/12/2013 Compra   657.45 DEF 1987 14696 05/01/2026 30/08/2017 Libro R